Statistiques concernant Les 10 finales de Rafael Nadal à Roland Garros

Cliquez ici pour prendre le quiz!

Statistiques générales

  • Ce quiz a été pris 677 fois
  • Le résultat moyen est 9 sur 10

Statistiques - réponses

AnnéeNationalité de l'adversaireScoreAdversaire% Correct
2014Serbe3-6 ; 7-5 ; 6-2 ; 6-4Novak Djokovic
100%
2012Serbe6-4 ; 6-3 ; 2-6 ; 7-5Novak Djokovic
100%
2006Suisse1-6 ; 6-1 ; 6-4 ; 7-6Roger Federer
100%
2007Suisse6-3 ; 4-6 ; 6-3 ; 6-4Roger Federer
100%
2008Suisse6-1 ; 6-3 ; 6-0Roger Federer
100%
2011Suisse7-5 ; 7-6 ; 5-7 ; 6-1Roger Federer
100%
2017Suisse6-2 ; 6-3 ; 6-1Stanislas Wawrinka
95%
2013Espagnol6-3 ; 6-2 ; 6-3David Ferrer
83%
2010Suédois6-4 ; 6-2 ; 6-4Robin Söderling
68%
2005Argentin6-7 ; 6-3 ; 6-1 ; 7-5Mariano Puerta
37%

Distribution des résultats

Percentile par nombre de réponses

% des personnes avec chaque résultat

Votre développement - résultats

Vous n’avez pas pris ce quiz